书目信息 |
| 题名: |
现代新闻摄影
|
|
| 作者: | 卜新章 著 | |
| 分册: | ||
| 出版信息: | 北京 中国广播电视出版社 2001 |
|
| 页数: | 304页 | |
| 开本: | 20cm | |
| 丛书名: | 影视传播艺术与技术丛书 | |
| 单 册: | ||
| 中图分类: | J419.1 | |
| 科图分类: | ||
| 主题词: | CT--S083409--新闻摄影 | |
| 电子资源: | ||
| ISBN: | 7-5043-3875-3 | |
| 000 | 00901nam0 2200265 45 | |
| 001 | 002227806 | |
| 005 | 20031219104120.6 | |
| 010 | @a7-5043-3875-3@dCNY18.00 | |
| 100 | @a20030116e20022001em y0chiy0110 ea | |
| 101 | 0 | @achi |
| 102 | @aCN@b110000 | |
| 105 | @aa z 000yy | |
| 106 | @ar | |
| 200 | 1 | @a现代新闻摄影@9xian dai xin wen she ying@f卜新章著 |
| 210 | @a北京@c中国广播电视出版社@d2001@h2002重印 | |
| 215 | @a304页@c照片@d20cm | |
| 225 | 2 | @a影视传播艺术与技术丛书 |
| 314 | @a卜新章(1970~),南京师范大学新闻与传播学院讲师,著有《摄影艺术的形式美》等。 | |
| 330 | @a本书系统地阐述了新闻摄影的基础技术、采记报道的基本技巧、拍摄表现的技法等。 | |
| 461 | 0 | @1001012002043776@1@12001 @a影视传播艺术与技术丛书 |
| 606 | 0 | @2CT@3S083409@a新闻摄影 |
| 690 | @aJ419.1@v4 | |
| 701 | 0 | @a卜新章@9bu xin zhang@4著 |
| 801 | @aCN@bTSTC@c20031025 | |
| 905 | @a213230@b327021-025@dJ419.1@e161@f5 | |
| 现代新闻摄影/卜新章著.-北京:中国广播电视出版社,2001(2002重印) |
| 304页:照片;20cm.-(影视传播艺术与技术丛书) |
| ISBN 7-5043-3875-3:CNY18.00 |
| 本书系统地阐述了新闻摄影的基础技术、采记报道的基本技巧、拍摄表现的技法等。 |
| ● |
| 相关链接 |
|
|
|
|
正题名:现代新闻摄影
索取号:J419.1/161
 
预约/预借
| 序号 | 登录号 | 条形码 | 馆藏地/架位号 | 状态 | 备注 |
| 1 | 0327021 | 203270218 | 第一借阅区/ [索取号:J419.1/161] | 在馆 | |
| 2 | 0327022 | 203270227 | 第一借阅区/ [索取号:J419.1/161] | 在馆 | |
| 3 | 0327023 | 203270236 | 第一借阅区/ [索取号:J419.1/161] | 在馆 | |
| 4 | 0327024 | 203270245 | 第一借阅区/ [索取号:J419.1/161] | 在馆 | |
| 5 | 0327025 | 203270254 | 第一样本阅览室/ [索取号:J419.1/161] | 在馆 |